000 00720nam a2200241Ia 4500
003 OSt
005 20220926005528.0
006 a|||||r|||| 00| 0
007 ta
008 220923b |||||||| |||| 00| 0 eng d
037 _cGeneral Book
040 _aRTL
_cRTL
_beng
041 _2eng
_aeng
082 _aY:5:5(Y).2.N7, M3
100 _aMurthy Nirmala Ed.
_9310508
245 0 _aFamily planning programme in the organized sector
_bCase Studies
260 _a New Delhi
_bSterling Pub.
_c1983
300 _avi, 144p
_ccm.
490 _aFamily Planning Foundation Book
650 _aDemography
942 _hY:5:5(Y).2.N7, M3
_cGB
_2CC
999 _c614137
_d614137